| 000 | 00538 a2200145 4500 | ||
|---|---|---|---|
| 040 | _aDLC | ||
| 082 | _aBIT-2 | ||
| 100 |
_aHamid Ali Raja. _993252 |
||
| 245 |
_aCOMRA Course Management Remote Assistant _cHamid Ali Raja. |
||
| 260 |
_aIslamabad : _bNUST School of Electrical Engineering & Computer Science, _c2004. |
||
| 300 |
_axvi, 117 p. : _bill. ; _c27 cm. + _eCD-ROM. |
||
| 500 | _aSupervisors : Dr. Sharifullah Khan, Mr. Zaheer Abbas Khan. | ||
| 856 | _uhttp://10.250.8.41:8080/xmlui/handle/123456789/13123 | ||
| 942 |
_cPR _kBIT-2 HAM _2ddc |
||
| 999 |
_c8944 _d8944 |
||